000 00399nam a2200181Ia 4500
005 20250425161146.0
008 250425s9999 xx 000 0 und d
041 _aeng
082 _a551
100 _aHOLMES, ARTHUR
245 0 _aGEOLOGIA FISICA
250 _a2A ED.
260 _aBARCELONA
260 _aEspaƱa
_bEDICIONES OMEGA
_c1952
300 _a512
942 _c01
010 _a13979
999 _c203565
_d203565